02525nam a2200301 a 450000100100000000500170001000800410002704000250006808200200009324500730011326000420018630000390022850400820026750508710034958600820122059000270130265000590132965000350138865000470142365000620147091000370153295201320156995201320170195201320183395201180196595201230208399900170220600003764020250701135406.0121023s2012 dr ad 000 0 spa d aDO-SdBNPbspacBNPHU a658.404bR311me00aRecopilación de los mejores proyectos :blibro conmemorativo 2011. aSanto Domingo :bODEBRECHT ,c[2012]. a307 p. :bil., gráfcs. ;c23 cm. aIncluye bibliografía y notas al pie de páginas y al final de capítulos.0 tReutilización de escombros para la fabricación de agregado fino en la ciudad de Santo Domingo --tAprovechamiento sostenible de escombros en la construcción de edificaciones --tProducción de energía y abono orgánico a partir de la instalación de biodigestores en granjas porcinas. Caso: Agropecuaria Suárez Rufino, La Vega --tEnergía eléctrica usando la energía potencial del tránsito vial para suplir a los semáforos y señales de tránsito --t-H20 (menos agua) --tNevera solar --tGreen Services Provider: Sistema de distribución sostenible de energías renovables --tEscuela pública sostenible: proposición de un modelo innovador ecofuncional en la República Dominicana --tPropuesta para un edificio energizado y climatizado con aerotoberas, como modelo sostenible para villas estudiantiles en la República Dominicana. aPremio ODEBRECHT para el desarrollo sostenible República Dominicana - 2011. aInventariado, 2018/ YL 4aEvaluación de proyectosxAspectos económicos96642 4aDesarrollo experimental920597 0aProyectos de desarrollo económico 96643 4aDesarrollo sosteniblexInnovaciones tecnológicas964113 aValidado. Control de calidad EMS 001054708DSaGRbGRcHDd2012-10-23iLF1l0o658.404 R311mep37640-30r2020-06-25te.3w2020-06-25yLFDSZPréstamo en sala 001054708DSaGRbGRcHDd2012-10-23iLF1l0o658.404 R311mep37640-40r2020-06-25te.4w2020-06-25yLFDSZPréstamo en sala 001054708DSaGRbGRcHDd2012-10-23iLF1l0o658.404 R311mep37640-50r2020-06-25te.5w2020-06-25yLFDSZPréstamo en sala 0010718PDaPDbPDcHDd2012-10-23iLF1l0o658.404 R311mep37640-10r2020-06-25w2020-06-25yLFPDZNo se presta 0010718PDaPDbPDcHDd2012-10-23iLF1l0o658.404 R311mep37640-20r2020-06-25te.2w2020-06-25yLFPDZNo se presta c37130d37130